000 00686nam a2200205Ia 4500
005 20241216011237.0
008 190429s9999||||xx |||||||||||||| ||und||
082 _a636.9
_bM22
100 _aMANSILLA RODRIGUEZ CARLOS HUGO
245 0 _aEVALUACION DE UN CONCENTRADO A BASE DE CEBADA Y FORRAJE EN LA ALIMENTACION DE CUYES PAUCARTAMBO 2007
250 _a0
260 _aCERRO DE PASCO-PERU
_bUNDAC
_c2011
300 _a60 pag.
_c30 cm.
341 _h0
490 _v0
_a0
505 _aREVISION BIBLIOGRAFICA/MATERIALES/METODOS/RESULTDOS/DISCUSIONES/CONCLUSIONES/RECOMENDACIONES
541 _aD
_bMANSILLA RODRIGUEZ CARLOS
_d23-May-14
_oSoles
650 _aZootecnia
942 _cTESIS
999 _c36544
_d36544